书目信息 |
| 题名: |
哥达纲领批判
|
|
| 作者: | 马克思 著 | |
| 分册: | ||
| 出版信息: | 北京 人民出版社 1997.08 |
|
| 页数: | 92页 | |
| 开本: | 32开 | |
| 丛书名: | ||
| 单 册: | ||
| 中图分类: | A124 | |
| 科图分类: | ||
| 主题词: | 马恩著作--单行本 | |
| 电子资源: | ||
| ISBN: | 7-01-000891-4 | |
| 000 | 00532nam0 2200193 45 | |
| 001 | 0008141567 | |
| 005 | 20000908105706.5 | |
| 010 | @a7-01-000891-4@d5.30元 | |
| 100 | @a20000814d1997 km y0chiy0120 ea | |
| 101 | 0 | @achi |
| 105 | @a z 000yy | |
| 200 | 1 | @a哥达纲领批判@AGe Da Gang Ling Pi Pan@f马克思 著@FMa Ke Si Zhu |
| 210 | @a北京@c人民出版社@d1997.08 | |
| 215 | @a92页@d32开 | |
| 606 | 0 | @a马恩著作@x单行本 |
| 690 | @aA124@v3 | |
| 701 | 0 | @a马克思@4著 |
| 801 | @aCN@bPftUser@c20000814 | |
| 905 | @dA124@eZH:965@b128483-487@f5 | |
| 哥达纲领批判/马克思 著.-北京:人民出版社,1997.08 |
| 92页;32开 |
| ISBN 7-01-000891-4:5.30元 |
| ● |
| 相关链接 |
|
|
|
正题名:哥达纲领批判
索取号:A124/ZH:965
 
预约/预借
| 序号 | 登录号 | 条形码 | 馆藏地/架位号 | 状态 | 备注 |
| 1 | 128483 | 201284831 | 社科库509/509社科库 1排2列2层/ [索取号:A124/ZH:965] | 在馆 | |
| 2 | 128484 | 201284840 | 社科库509/509社科库 1排2列2层/ [索取号:A124/ZH:965] | 在馆 | |
| 3 | 128485 | 201284859 | 社科库509/509社科库 1排2列2层/ [索取号:A124/ZH:965] | 在馆 | |
| 4 | 128486 | 201284868 | 社科库509/509社科库 1排2列2层/ [索取号:A124/ZH:965] | 在馆 | |
| 5 | 128487 | 201284877 | 社科库509/509社科库 1排2列2层/ [索取号:A124/ZH:965] |
已借出,限还日期为2022.09.23 借出人:孙嘉明 |